[Event "Muensterland Verbandsklasse-A 1112"]
[Site "Germany"]
[Date "2012.02.11"]
[Round "6.7"]
[White "Wagner, Nils"]
[Black "Schmidt, Frank1111"]
[Result "0-1"]
[WhiteElo "1578"]
[BlackElo "1614"]
[PlyCount "58"]
[EventDate "2011.09.17"]
[EventType "team-tourn"]
[EventRounds "9"]
[EventCountry "GER"]
[SourceTitle "EXT 2013"]
[Source "ChessBase"]
[SourceDate "2012.11.22"]
[SourceVersion "1"]
[SourceVersionDate "2012.11.22"]
[SourceQuality "1"]
[WhiteTeam "Borken"]
[BlackTeam "Emsdetten Rochade"]
[WhiteTeamCountry "GER"]
[BlackTeamCountry "GER"]

1. c4 e5 2. g3 Nc6 3. Bg2 Nf6 4. Nc3 Bc5 5. e3 0-0 6. Nge2 Re8 7. 0-0 d6 8. d4 exd4 9. exd4 Bb6 10. a3 a5 11. h3 h6 12. Be3 Qe7 13. Nf4 Ba7 14. Re1 Qd8 15. Qd2 Bf5 16. Re2 Qd7 17. Kh2 Ne4 18. Nxe4 Bxe4 19. Rd1 Bxg2 20. Kxg2 Ne7 21. g4 c6 22. Nh5 Ng6 23. Bxh6 Rxe2 24. Qxe2 gxh6 25. Nf6+ Kg7 26. Nxd7 Nf4+ 27. Kf3 Nxe2 28. Kxe2 Re8+ 29. Kf3 Re7 0-1

[Event "Muensterland Verbandsklasse-B 1011"]
[Site "Germany"]
[Date "2010.12.11"]
[Round "4.7"]
[White "Wagner, Nils"]
[Black "Messelink, Gerrit"]
[Result "0-1"]
[WhiteElo "1480"]
[BlackElo "1425"]
[PlyCount "48"]
[EventDate "2010.09.18"]
[EventType "team-tourn"]
[EventRounds "9"]
[EventCountry "GER"]
[SourceTitle "EXT 2012"]
[Source "ChessBase"]
[SourceDate "2011.11.24"]
[SourceVersion "1"]
[SourceVersionDate "2011.11.24"]
[SourceQuality "1"]
[WhiteTeam "Borken"]
[BlackTeam "Ahaus Wessum"]
[WhiteTeamCountry "GER"]
[BlackTeamCountry "GER"]

1. c4 Nf6 2. g3 c6 3. Bg2 g6 4. Nc3 Bg7 5. Nf3 d6 6. 0-0 0-0 7. d3 e5 8. Rb1 a5 9. e4 Nbd7 10. b3 Nc5 11. Bb2 h6 12. Re1 Be6 13. d4 exd4 14. Nxd4 Qd7 15. e5 dxe5 16. Nf3 Qxd1 17. Rbxd1 Nfd7 18. Rd6 e4 19. Nd4 Nd3 20. Nxe6 fxe6 21. Rxd7 Nxe1 22. Bxe4 Rad8 23. Rxb7 Rd2 24. Bc1 Rdxf2 0-1